000 00525nam a2200193Ia 4500
003 OSt
005 20241001093835.0
008 210210b1960 xxu||||| |||| 00| 0 eng d
040 _cAL
041 _aHindi
082 _a861/147
100 _aSHARM (Balkrashn) Ed
_dबालकृष्ण शर्मा
_9180969
245 _aChaynika
_bचयनिका
260 _aNew York
_bMacmillan & Co. Ltd.
_c1960
650 _aChayanika
_9180970
690 _aHindi Poetry
_9180971
906 _a023167
942 _2ddc
_cBK
999 _c148090
_d148090